000 00554nmm a2200193Ia 4500
008 251105s9999||||xx |||||||||||||||||und||
020 _a9788468748252
041 _aspa
100 _aDenosky, Kathie
245 0 _aSombras del ayer-Amor anónimo
264 _a[Madrid, España] :
_bHarlequin,
_c[Fecha de publicación no identificada]
300 _a0 páginas
490 _a'Los Elliots'
650 _aRomance
700 _aDenosky, Kathie
700 1 _a Child, Maureen
856 _uhttps://public.digitaliapublishing.com/a/94035
942 _cCF
999 _c64668
_d64668